Statistiques concernant Pokémon de 5,0 à 9,9 kg

Cliquez ici pour prendre le quiz!

Statistiques générales

  • Ce quiz a été pris 8 fois
  • Le résultat moyen est 49 sur 108

Statistiques - réponses

Poids (en kg) Pokémon % Correct
6,2Ouisticram
100%
9,5Goélise
100%
9,9Gruikui
100%
6,9Bulbizarre
83%
9,0Marisson
83%
6,0Pikachu
83%
7,0Nidoran♀
83%
6,4Germignon
83%
7,0Grenousse
83%
8,1Vipélierre
83%
8,5Salamèche
83%
9,0Carapuce
83%
7,6Gobou
83%
9,0Nidoran♂
83%
5,9Moustillon
83%
9,4Feunnec
83%
5,2Tiplouf
83%
5,0Arcko
83%
6,6Tarsal
67%
6,0Magnéti
67%
6,0Lippouti
67%
5,4Mystherbe
67%
7,5Otaquin
67%
9,5Kaiminus
67%
7,5Amonita
67%
8,5Polarhume
67%
7,9Héricendre
67%
9,9Chrysacier
67%
8,5Marill
67%
5,0Celebi
67%
9,9Goupix
67%
9,9Goupix d'Alola
67%
8,8Teddiursa
67%
7,5Mélofée
50%
7,4Barpau
50%
7,3Couverdure
50%
5,0Zarbi
50%
5,0Emolga
50%
8,8Diancie
50%
8,7Lovdisc
50%
8,5Mimigal
50%
8,0Hypotrempe
50%
7,8Snubbull
50%
7,5Pitrouille (Taille Maxi)
50%
5,5Apitrini
50%
5,0Spinda
50%
5,0Sapereau
50%
5,0Pitrouille (Taille Normale)
50%
5,5Ningale
50%
5,5Rondoudou
50%
6,4Boustiflor
50%
6,9Abo
50%
6,0Fouinette
50%
5,7Strassie
50%
6,5Évoli
50%
6,5Meloetta
50%
9,3Ceriflor
50%
9,0Hoopa (Enchaîné)
50%
5,7Sorbébé
50%
8,0Méios
33%
8,6Ortide
33%
8,0Pandespiègle
33%
8,0Vorastérie
33%
9,5Lixy
33%
5,8Scrutella
33%
8,0Sonistrelle
33%
5,5Laporeille
33%
6,0Galvaran
33%
6,5Marcacrin
33%
7,3Venalgue
33%
9,0Lewsor
33%
7,0Brocélôme
33%
5,4Paras
33%
7,5Nosferapti
33%
6,0Manglouton
33%
7,8Wattouat
33%
6,5Osselait
33%
5,3Venipatte
33%
9,5Smogogo
33%
9,0Vostourno
17%
9,5Arkéapti
17%
7,2Pomdepik
17%
6,3Sancoki
17%
6,5Krabby
17%
6,5Cheniselle
17%
6,6Farfaduvet
17%
5,8Joliflor
17%
5,5Couaneton
17%
5,0Corayon
17%
5,0Cupcanaille
17%
5,2Shaymin (Forme Céleste)
17%
6,8Nounourson
17%
6,6Chlorobule
17%
8,4Pérégrain
17%
8,2Candine
17%
8,3Flingouste
17%
7,0Crabagarre
17%
7,0Écayon
17%
8,5Axoloto
17%
9,5Banshitrouye (Taille Mini)
0%
8,5Héliatronc
0%
8,5Mistigrix
0%
5,9Carabing
0%
8,5Rototaupe
0%
9,2Rocabot
0%
7,5Pashmilla
0%
7,7Escargaume
0%
5,8Chinchidou
0%

Distribution des résultats

Percentile by Number Answered

% des personnes avec chaque résultat

Votre développement - résultats

Vous n’avez pas pris ce quiz